Elektrochémia /

Hlavní autor: Kalousek, Mirko, 1915-1996
Jazyk: Slovenština
Vydáno: Bratislava : Slovenská akadémia vied a umení, 1952
Vydání: 1. vyd.
Témata:
Fyzický popis: 259 s.
Knihy
Uloženo v:
LEADER 00823nam a22002652a 4500
001 001462710
003 CZ BrMZK
005 20230515124749.0
007 ta
008 150320s1952 xo er|||||||||||slo d
040 |a BOD004  |b cze  |d BOA001 
072 7 |a 544  |x Fyzikální chemie  |2 Konspekt  |9 10 
080 |a 544  |2 MRF 
080 |a 544.6  |2 MRF 
100 1 |a Kalousek, Mirko,  |d 1915-1996  |7 jk01052732  |4 aut 
245 1 0 |a Elektrochémia /  |c Mirko Kalousek 
250 |a 1. vyd. 
260 |a Bratislava :  |b Slovenská akadémia vied a umení,  |c 1952 
300 |a 259 s. 
650 0 7 |a fyzikální chemie  |7 ph114602  |2 czenas 
650 0 7 |a elektrochemie  |7 ph119867  |2 czenas 
910 |a BOA001  |b 2-0302.425 
990 |a BK 
991 |b 201503 
996 7 |b 2618829095  |c 2-0302.425  |l MZK  |r Sklad / do 24 hodin  |n 0  |w 001497692  |u 000010  |a 1  |e BOA001  |j MZK50  |s A